Structures of experience : (Record no. 143)

000 -LEADER
fixed length control field 01211cam a2200313 a 4500
001 - CONTROL NUMBER
control field 2823093
003 - CONTROL NUMBER IDENTIFIER
control field OSt
005 - DATE AND TIME OF LATEST TRANSACTION
control field 20210417101823.0
008 - FIXED-LENGTH DATA ELEMENTS--GENERAL INFORMATION
fixed length control field 830721s1984 scu b s001 0 eng
010 ## - LIBRARY OF CONGRESS CONTROL NUMBER
LC control number 83009297
020 ## - INTERNATIONAL STANDARD BOOK NUMBER
International Standard Book Number 0872494195
040 ## - CATALOGING SOURCE
Original cataloging agency DLC
Transcribing agency DLC
Modifying agency DLC
043 ## - GEOGRAPHIC AREA CODE
Geographic area code e-uk---
050 00 - LIBRARY OF CONGRESS CALL NUMBER
Classification number PR858.H5
Item number F55 1984
080 ## - UNIVERSAL DECIMAL CLASSIFICATION NUMBER
Universal Decimal Classification number 94
Item number F-63
082 00 - DEWEY DECIMAL CLASSIFICATION NUMBER
Classification number 823/.5/09355
Edition number 19
100 1# - MAIN ENTRY--PERSONAL NAME
Personal name Flanders, W. Austin.
245 10 - TITLE STATEMENT
Title Structures of experience :
Remainder of title history, society, and personal life in the eighteenth-century British novel /
Statement of responsibility, etc. by W. Austin Flanders.
250 ## - EDITION STATEMENT
Edition statement 1st ed.
260 ## - PUBLICATION, DISTRIBUTION, ETC.
Place of publication, distribution, etc. Columbia, S.C. :
Name of publisher, distributor, etc. University of South Carolina Press,
Date of publication, distribution, etc. 1984.
300 ## - PHYSICAL DESCRIPTION
Extent x, 308 p. ;
Dimensions 24 cm.
504 ## - BIBLIOGRAPHY, ETC. NOTE
Bibliography, etc. note Includes bibliographical references and index.
650 #0 - SUBJECT ADDED ENTRY--TOPICAL TERM
Topical term or geographic name entry element English fiction
Chronological subdivision 18th century
General subdivision History and criticism.
650 #0 - SUBJECT ADDED ENTRY--TOPICAL TERM
Topical term or geographic name entry element History in literature.
650 #0 - SUBJECT ADDED ENTRY--TOPICAL TERM
Topical term or geographic name entry element Social problems in literature.
653 ## - INDEX TERM--UNCONTROLLED
Uncontrolled term ლიტერატურის ისტორია, სოციალური პრობლემები ლიტერატურაში,კრიტიკის ისტორია
906 ## - LOCAL DATA ELEMENT F, LDF (RLIN)
a 7
b cbc
c orignew
d 1
e ocip
f 19
g y-gencatlg
942 ## - ADDED ENTRY ELEMENTS (KOHA)
Source of classification or shelving scheme
Koha item type Books
Edition 1
Holdings
Withdrawn status Lost status Source of classification or shelving scheme Damaged status Not for loan Permanent location Current location Date acquired Inventory number Full call number Barcode Date last seen Price effective from Koha item type
          Ken Walker International University Ken Walker International University 11/11/2020 309 94 F-63 309 11/11/2020 11/11/2020 Books

Powered by Koha